[Event "Euskadi ch 2008"]
[Site "Zornotza ESP"]
[Date "2008.03.27"]
[Round "4.10"]
[White "Sanz Perez, Eduardo"]
[Black "Burguete Archel, Eduardo"]
[Result "0-1"]
[WhiteElo "2161"]
[BlackElo "2173"]
[PlyCount "88"]
[EventDate "2008.03.24"]
[EventType "swiss"]
[EventRounds "7"]
[EventCountry "ESP"]
[Source "lmi"]
[SourceDate "2008.03.24"]

1. f4 d5 2. e3 Nf6 3. Nf3 g6 4. d4 c5 5. c3 Bg7 6. Bd3 O-O 7. O-O b6 8. b4 Ba6
9. b5 Bb7 10. a4 a6 11. Ba3 Nbd7 12. Nbd2 Qc7 13. Ne5 a5 14. Rc1 Rac8 15. Qe1
Ne4 16. Nxe4 dxe4 17. Bb1 Nf6 18. g4 e6 19. h4 Ne8 20. Rf2 f6 21. Nc4 Bd5 22.
Nd2 f5 23. c4 Bb7 24. dxc5 bxc5 25. Nb3 Qe7 26. g5 e5 27. Qxa5 exf4 28. exf4 e3
29. Rh2 Nd6 30. Bxc5 Rxc5 31. Nxc5 Ba8 32. Qe1 Bd4 33. Nb3 e2+ 34. Rf2 Bxf2+
35. Qxf2 Re8 36. Re1 Qb7 37. Kh2 Nxc4 38. Bd3 Ne3 39. Kh3 Ng4 40. Bc4+ Kf8 41.
Qc5+ Re7 42. Qc6 Qxc6 43. bxc6 Re3+ 44. Kg2 Bxc6+ 0-1

[Event "Euskadi ch 2008"]
[Site "Zornotza ESP"]
[Date "2008.03.27"]
[Round "4.11"]
[White "Axpe Balenciaga, Iñigo"]
[Black "Urbieta Gabancho, Koldo"]
[Result "1-0"]
[WhiteElo "2167"]
[BlackElo "2018"]
[PlyCount "127"]
[EventDate "2008.03.24"]
[EventType "swiss"]
[EventRounds "7"]
[EventCountry "ESP"]
[Source "lmi"]
[SourceDate "2008.03.24"]

1. d4 Nf6 2. Nf3 g6 3. Bf4 Bg7 4. e3 c5 5. c3 O-O 6. Bd3 d6 7. O-O Nc6 8. h3
Re8 9. Bc4 cxd4 10. exd4 d5 11. Bd3 Nd7 12. Na3 e5 13. dxe5 Ncxe5 14. Nxe5 Nxe5
15. Bb5 Nc6 16. Nc2 Qb6 17. a4 a6 18. Be3 Qc7 19. Bxc6 bxc6 20. Bd4 a5 21. Bxg7
Kxg7 22. Qd4+ Kg8 23. Rfe1 Be6 24. Ne3 Qa7 25. Qf4 Qb8 26. Qf6 c5 27. Rad1 d4
28. cxd4 Qxb2 29. Nf1 Rad8 30. Ng3 Rd5 31. h4 h6 32. h5 Rg5 33. Re5 Rxe5 34.
dxe5 Qc2 35. Rd8 Rxd8 36. Qxd8+ Kg7 37. hxg6 Qxg6 38. Qxa5 c4 39. Qc3 Qb1+ 40.
Kh2 Qb3 41. Ne4 Bd5 42. Qd4 Be6 43. Nc5 Qb6 44. a5 Qxa5 45. Nxe6+ fxe6 46. Qd7+
Kh8 47. Qxe6 c3 48. Qxh6+ Kg8 49. e6 c2 50. Qg6+ Kh8 51. Qxc2 Qe5+ 52. g3 Qxe6
53. Qd3 Qh6+ 54. Kg2 Qc6+ 55. Qf3 Qc2 56. g4 Kg7 57. Qb7+ Kg6 58. Qd5 Kf6 59.
Qd8+ Kg6 60. Qg8+ Kh6 61. Qe6+ Kg5 62. Qf5+ Qxf5 63. gxf5 Kxf5 64. Kf3 1-0

[Event "Euskadi ch 2008"]
[Site "Zornotza ESP"]
[Date "2008.03.27"]
[Round "4.12"]
[White "Perez De Miguel, Alvaro"]
[Black "Prieto Aranguren, Alain"]
[Result "0-1"]
[WhiteElo "2123"]
[BlackElo "2177"]
[PlyCount "120"]
[EventDate "2008.03.24"]
[EventType "swiss"]
[EventRounds "7"]
[EventCountry "ESP"]
[Source "lmi"]
[SourceDate "2008.03.24"]

1. d4 Nf6 2. Nf3 g6 3. c4 Bg7 4. Nc3 O-O 5. e4 d6 6. Be2 e5 7. d5 a5 8. Bg5 h6
9. Bh4 Na6 10. Nd2 Qe8 11. O-O Nh7 12. a3 Bd7 13. b3 f5 14. f3 f4 15. Bf2 b6
16. Rb1 g5 17. b4 axb4 18. axb4 h5 19. c5 bxc5 20. bxc5 Nxc5 21. Bxc5 dxc5 22.
Nb5 Qc8 23. Nb3 Rf6 24. Nxc5 Bf8 25. Nxd7 Qxd7 26. Rc1 Bd6 27. Rc6 Rf7 28. h3
Nf6 29. Qc2 Ne8 30. Rc1 Kf8 31. Qc3 Ra2 32. Qc4 Ra8 33. Qb3 Qd8 34. Qb2 Qb8 35.
R1c3 Qd8 36. Rb3 Rg7 37. Nxd6 cxd6 38. Rb7 Ra1+ 39. Qxa1 Rxb7 40. Qc3 Rb1+ 41.
Kh2 Qb8 42. Bd3 Rd1 43. Qc2 Ra1 44. Ra6 Rxa6 45. Bxa6 Qc7 46. Qa4 g4 47. fxg4
hxg4 48. hxg4 Qc3 49. Qd1 Qg3+ 50. Kh1 Nf6 51. Qc2 Qe1+ 52. Bf1 Qxf1+ 53. Kh2
Nxg4+ 54. Kh3 Nf2+ 55. Kh4 Qh1+ 56. Kg5 Qxg2+ 57. Kh5 Qg4+ 58. Kh6 Qg7+ 59. Kh5
Qh7+ 60. Kg5 Nxe4+ 0-1

[Event "Euskadi ch 2008"]
[Site "Zornotza ESP"]
[Date "2008.03.28"]
[Round "5.1"]
[White "Gonzalez De La Torre, Santiago"]
[Black "Nava Pereda, Carlos"]
[Result "1-0"]
[WhiteElo "2389"]
[BlackElo "2293"]
[PlyCount "123"]
[EventDate "2008.03.24"]
[EventType "swiss"]
[EventRounds "7"]
[EventCountry "ESP"]
[Source "lmi"]
[SourceDate "2008.03.24"]

1. e4 Nc6 2. Nf3 Nf6 3. e5 Ng4 4. d4 d6 5. h3 Nh6 6. Bb5 a6 7. Bxc6+ bxc6 8.
O-O e6 9. Nc3 Nf5 10. Ne4 Bb7 11. Bg5 Qd7 12. Re1 c5 13. exd6 Bxe4 14. Rxe4
Bxd6 15. Ne5 Bxe5 16. dxe5 Qd5 17. Qg4 h6 18. Rd1 Qb7 19. Bc1 Rd8 20. Rde1 O-O
21. b3 Kh7 22. Ba3 Qb5 23. Ra4 Rd2 24. Qe4 Kg8 25. Rc4 Rd4 26. Rxd4 Nxd4 27. c3
Nf5 28. Rd1 Qa5 29. Qa4 Qxc3 30. Qxa6 Nd4 31. Qd3 Ra8 32. Bxc5 Qxc5 33. Qxd4
Qxd4 34. Rxd4 Rxa2 35. Rd8+ Kh7 36. Rd7 Rc2 37. Rxf7 Rc5 38. Re7 Rc6 39. g4 Kg8
40. Kg2 Kf8 41. Rd7 g5 42. b4 Rc4 43. Rh7 Rxb4 44. Rxh6 Rb6 45. Rh7 Rc6 46. Kg3
Rc5 47. h4 Rc3+ 48. f3 gxh4+ 49. Kxh4 Rxf3 50. Rxc7 Re3 51. Kg5 Rf3 52. Kg6 Rf4
53. g5 Rf5 54. Rc5 Rf2 55. Ra5 Rf1 56. Ra8+ Ke7 57. Kh6 Rh1+ 58. Kg7 Rf1 59. g6
Rf5 60. Kh6 Rf1 61. Ra7+ Ke8 62. g7 1-0

[Event "Euskadi ch 2008"]
[Site "Zornotza ESP"]
[Date "2008.03.28"]
[Round "5.2"]
[White "Huerga Leache, Mikel"]
[Black "Gomez Esteban, Juan Mario"]
[Result "0-1"]
[WhiteElo "2440"]
[BlackElo "2496"]
[PlyCount "140"]
[EventDate "2008.03.24"]
[EventType "swiss"]
[EventRounds "7"]
[EventCountry "ESP"]
[Source "lmi"]
[SourceDate "2008.03.24"]

1. e4 c6 2. d4 d5 3. Nc3 dxe4 4. Nxe4 Bf5 5. Ng3 Bg6 6. Bc4 e6 7. N1e2 Bd6 8.
h4 h6 9. Nf4 Bxf4 10. Bxf4 Nf6 11. Qe2 O-O 12. h5 Bh7 13. O-O-O Nbd7 14. Bd3
Bxd3 15. Qxd3 Qa5 16. Kb1 c5 17. dxc5 Nxc5 18. Qf3 Nd5 19. Bd6 Rfe8 20. Bxc5
Qxc5 21. Ne4 Qc7 22. c4 Nb4 23. Nd6 Re7 24. Qc3 Nc6 25. Rh3 Rd8 26. Rhd3 a6 27.
c5 Kf8 28. Rg3 f6 29. Qc2 f5 30. Qc3 b6 31. Rg6 bxc5 32. Qxc5 Kg8 33. Rd3 Na5
34. Qxc7 Rxc7 35. Rxe6 Rcd7 36. Ra3 Nc6 37. Rxa6 Nb4 38. Ra4 Nd3 39. Nxf5 Nc5
40. Rae4 Nxe4 41. Rxe4 Rd1+ 42. Kc2 R1d2+ 43. Kc3 Rxf2 44. Ne3 Rc8+ 45. Rc4
Rxc4+ 46. Nxc4 Rxg2 47. a4 g6 48. a5 gxh5 49. b4 Rg3+ 50. Kd4 h4 51. a6 Rg7 52.
Ne3 h3 53. Nf1 Rf7 54. Nh2 Rf2 55. b5 Rxh2 56. b6 Rd2+ 57. Ke3 h2 58. b7 Rd8
59. a7 h1=Q 60. b8=Q Qe1+ 61. Kf3 Qd1+ 62. Kf2 Qd4+ 63. Kf1 Qd3+ 64. Kf2 Qf5+
65. Kg1 Qc5+ 66. Kh2 Qh5+ 67. Kg3 Qd5 68. Kh4 Kg7 69. Qc7+ Kg6 70. Kh3 Qf3+ 0-1

[Event "Euskadi ch 2008"]
[Site "Zornotza ESP"]
[Date "2008.03.28"]
[Round "5.3"]
[White "Ruiz Gomez, Alejandro"]
[Black "Franco Alonso, Alejandro"]
[Result "0-1"]
[WhiteElo "2365"]
[BlackElo "2445"]
[PlyCount "124"]
[EventDate "2008.03.24"]
[EventType "swiss"]
[EventRounds "7"]
[EventCountry "ESP"]
[Source "lmi"]
[SourceDate "2008.03.24"]

1. e4 c5 2. Nf3 e6 3. Nc3 d6 4. d4 cxd4 5. Nxd4 Nf6 6. g3 Nc6 7. Bg2 Bd7 8.
Ndb5 Qb8 9. Bg5 a6 10. Bxf6 gxf6 11. Nd4 Qa7 12. Nce2 Qc5 13. c3 Ne5 14. a4 Be7
15. O-O O-O 16. Nf4 Kh8 17. Re1 b5 18. a5 b4 19. cxb4 Qxb4 20. Nf5 Bd8 21. Nxd6
Bc7 22. Nc4 Nxc4 23. Qxd7 Bxf4 24. gxf4 Nxa5 25. Qa4 Qxa4 26. Rxa4 Nb3 27. Re3
Rab8 28. Rxa6 Rfc8 29. Bf3 Nd2 30. Bh5 Rg8+ 31. Rg3 Nxe4 32. Bxf7 Nxg3 33. hxg3
Rgd8 34. Bxe6 Rxb2 35. Bf5 Rdd2 36. Ra8+ Kg7 37. Ra7+ Kf8 38. Ra8+ Ke7 39. Ra7+
Kd8 40. Rxh7 Rxf2 41. Rd7+ Ke8 42. Rd3 Rg2+ 43. Kf1 Rbf2+ 44. Ke1 Ra2 45. Kf1
Rgb2 46. Re3+ Kf8 47. Be4 Kg7 48. Bf5 Ra1+ 49. Re1 Ra3 50. Re2 Rxe2 51. Kxe2
Rxg3 52. Kf2 Ra3 53. Kg2 Kf7 54. Kf2 Ke7 55. Ke2 Kd6 56. Kf2 Kd5 57. Ke2 Kd4
58. Kf2 Ra5 59. Be6 f5 60. Kg3 Ke4 61. Bd7 Ra3+ 62. Kf2 Kxf4 0-1

[Event "Euskadi ch 2008"]
[Site "Zornotza ESP"]
[Date "2008.03.28"]
[Round "5.4"]
[White "Astasio Lopez, David"]
[Black "Argandoña Rivero, Iñigo"]
[Result "1-0"]
[WhiteElo "2215"]
[BlackElo "2404"]
[PlyCount "73"]
[EventDate "2008.03.24"]
[EventType "swiss"]
[EventRounds "7"]
[EventCountry "ESP"]
[Source "lmi"]
[SourceDate "2008.03.24"]

1. d4 Nf6 2. Nd2 c5 3. e3 Nc6 4. Ngf3 d5 5. c3 Qc7 6. dxc5 e5 7. b4 Be7 8. Bb2
O-O 9. Be2 b6 10. b5 e4 11. Nd4 Nxd4 12. cxd4 bxc5 13. dxc5 Bxc5 14. Rc1 Qe7
15. O-O Bd6 16. Nb3 Bd7 17. Bxf6 Qxf6 18. Qxd5 Qh6 19. g3 Rad8 20. Qxe4 Rfe8
21. Qf3 Re5 22. Rfd1 Rf5 23. Qg2 Rf6 24. Rd5 Re8 25. h4 Bf5 26. Bf3 Bh3 27.
Qxh3 Rxf3 28. Rc8 Rfxe3 29. Rxe8+ Rxe8 30. Qd7 Re1+ 31. Kg2 Bf8 32. Qxa7 Qg6
33. Nd2 h6 34. Rd8 Kh7 35. Qa8 Qc2 36. h5 Qd1 37. Nf3 1-0

[Event "Euskadi ch 2008"]
[Site "Zornotza ESP"]
[Date "2008.03.28"]
[Round "5.5"]
[White "Diez Fraile, David"]
[Black "Varas Gonzalez, Carlos"]
[Result "1/2-1/2"]
[WhiteElo "2150"]
[BlackElo "2250"]
[PlyCount "29"]
[EventDate "2008.03.24"]
[EventType "swiss"]
[EventRounds "7"]
[EventCountry "ESP"]
[Source "lmi"]
[SourceDate "2008.03.24"]

1. e4 c5 2. Nf3 e6 3. d4 cxd4 4. Nxd4 a6 5. Bd3 Nf6 6. O-O Qc7 7. Qe2 Bd6 8.
Nf3 Nc6 9. Nbd2 Ng4 10. g3 Bc5 11. Nc4 b5 12. Ne3 Nxe3 13. Bxe3 Bxe3 14. Qxe3
d6 15. Rfc1 1/2-1/2

[Event "Euskadi ch 2008"]
[Site "Zornotza ESP"]
[Date "2008.03.28"]
[Round "5.6"]
[White "Agirretxe San Sebastian, Jesus"]
[Black "Axpe Balenciaga, Iñigo"]
[Result "1-0"]
[WhiteElo "2182"]
[BlackElo "2167"]
[PlyCount "69"]
[EventDate "2008.03.24"]
[EventType "swiss"]
[EventRounds "7"]
[EventCountry "ESP"]
[Source "lmi"]
[SourceDate "2008.03.24"]

1. Nf3 d6 2. d4 g6 3. c4 Bg7 4. Nc3 Bg4 5. e3 Nd7 6. Be2 c6 7. h3 Bxf3 8. Bxf3
Ngf6 9. O-O O-O 10. b4 Nb6 11. Qb3 d5 12. c5 Nbd7 13. b5 e5 14. Bd2 exd4 15.
exd4 Ne4 16. Bxe4 dxe4 17. bxc6 bxc6 18. Qa4 Nxc5 19. dxc5 Qxd2 20. Nxe4 Qf4
21. Rae1 Rae8 22. Qxc6 Re5 23. Ng3 Rxe1 24. Rxe1 Bd4 25. Ne4 Rd8 26. Qb7 Be5
27. g3 Qf3 28. Qe7 Rd1 29. Qe8+ Kg7 30. Qxe5+ Kh6 31. Rxd1 Qxd1+ 32. Kh2 Qc2
33. Qf4+ Kg7 34. Qf6+ Kh6 35. Ng5 1-0

[Event "Euskadi ch 2008"]
[Site "Zornotza ESP"]
[Date "2008.03.28"]
[Round "5.7"]
[White "Burguete Archel, Eduardo"]
[Black "Alcaide Luque, Aitor"]
[Result "1-0"]
[WhiteElo "2173"]
[BlackElo "2169"]
[PlyCount "61"]
[EventDate "2008.03.24"]
[EventType "swiss"]
[EventRounds "7"]
[EventCountry "ESP"]
[Source "lmi"]
[SourceDate "2008.03.24"]

1. e4 e6 2. d4 d5 3. e5 c5 4. c3 Nc6 5. Nf3 Bd7 6. Be2 Nge7 7. Na3 Ng6 8. Nc2
Be7 9. O-O O-O 10. Rb1 cxd4 11. cxd4 f6 12. exf6 Bxf6 13. b4 a6 14. Bd3 Be8 15.
a4 e5 16. b5 e4 17. bxc6 Bxc6 18. Be2 exf3 19. Bxf3 Bxa4 20. Rxb7 Rc8 21. Rb2
Nh4 22. Bg4 Rc4 23. Qd2 Re8 24. Be2 Rxe2 25. Qxe2 Qc8 26. Bf4 Rxc2 27. Rxc2
Qxc2 28. Qe6+ Kh8 29. Rc1 h6 30. Rxc2 Bxc2 31. Qc8+ 1-0

[Event "Euskadi ch 2008"]
[Site "Zornotza ESP"]
[Date "2008.03.28"]
[Round "5.8"]
[White "Villalta Bustillo, Igor"]
[Black "Trigo Urquijo, Sergio"]
[Result "0-1"]
[WhiteElo "2119"]
[BlackElo "2169"]
[PlyCount "114"]
[EventDate "2008.03.24"]
[EventType "swiss"]
[EventRounds "7"]
[EventCountry "ESP"]
[Source "lmi"]
[SourceDate "2008.03.24"]

1. d4 d6 2. Nf3 Bg4 3. Nbd2 e6 4. g3 Nd7 5. Bg2 Be7 6. O-O Ngf6 7. c4 O-O 8. h3
Bh5 9. b3 Re8 10. Bb2 Bf8 11. Nh4 c6 12. f4 e5 13. g4 Bxg4 14. hxg4 Nxg4 15.
Qe1 exf4 16. Rxf4 Qg5 17. Qg3 h5 18. Ne4 Qd8 19. d5 cxd5 20. cxd5 Nde5 21. Raf1
Qb6+ 22. Kh1 Qe3 23. Qe1 g6 24. Bd4 Nd3 25. Qc3 Qxe2 26. Ng3 Qe7 27. Rxg4 hxg4
28. Nxg6 fxg6 29. Qxd3 Qh7+ 30. Kg1 Bg7 31. Bxg7 Qxg7 32. Ne4 Rf8 33. Nxd6
Rxf1+ 34. Bxf1 Rf8 35. Bg2 Qa1+ 36. Bf1 Qg7 37. Ne4 Rf3 38. Qd2 Qa1 39. Qe2
Qd4+ 40. Kg2 Qxd5 41. Qc4 Qxc4 42. Bxc4+ Kg7 43. Nd6 Kf6 44. Nxb7 Rc3 45. a4
Rc2+ 46. Kg3 Kg5 47. Nc5 Rc3+ 48. Nd3 a5 49. Kf2 Rc2+ 50. Kg3 Rc3 51. Kf2 Kh4
52. Ne1 Rc1 53. Bd5 Rc8 54. Be4 Rf8+ 55. Ke3 g5 56. Kd4 Kg3 57. Ng2 Rb8 0-1

[Event "Euskadi ch 2008"]
[Site "Zornotza ESP"]
[Date "2008.03.28"]
[Round "5.9"]
[White "Hernandez Perez, Jesus"]
[Black "Martin Alvarez, Iñigo"]
[Result "0-1"]
[WhiteElo "2043"]
[BlackElo "2189"]
[PlyCount "110"]
[EventDate "2008.03.24"]
[EventType "swiss"]
[EventRounds "7"]
[EventCountry "ESP"]
[Source "lmi"]
[SourceDate "2008.03.24"]

1. d4 d5 2. Bf4 Nf6 3. e3 c6 4. c3 Bg4 5. Qb3 Qb6 6. Qxb6 axb6 7. Bd3 e6 8. h3
Bh5 9. Nd2 b5 10. a3 Nbd7 11. Ngf3 Be7 12. O-O O-O 13. Ne5 Nxe5 14. Bxe5 Nd7
15. Bh2 Nb6 16. f3 Nc4 17. Nxc4 bxc4 18. Bc2 Bg6 19. Bxg6 hxg6 20. e4 Ra5 21.
Rae1 Rfa8 22. Bf4 Rb5 23. Bc1 Bf8 24. Re2 Ra6 25. exd5 Rxd5 26. Rfe1 c5 27. Be3
Ra5 28. dxc5 Bxc5 29. Bxc5 Raxc5 30. Re4 Rd2 31. R1e2 Rxe2 32. Rxe2 g5 33. Kf2
Kf8 34. Re4 Ke7 35. Ke1 f5 36. Re2 Rd5 37. Kf2 e5 38. Rc2 Kd6 39. Ke3 Kc5 40.
Kf2 Kb5 41. Re2 Ka4 42. Ke1 Kb3 43. Kf1 Rd1+ 44. Kf2 Rb1 45. Rxe5 Rxb2+ 46. Kf1
Kxc3 47. Rxf5 Kb3 48. Rxg5 c3 49. Rxg7 Ka2 50. Rc7 c2 51. g4 Rb1+ 52. Kg2 c1=Q
53. Rxc1 Rxc1 54. g5 Kxa3 55. g6 Rc6 0-1

[Event "Euskadi ch 2008"]
[Site "Zornotza ESP"]
[Date "2008.03.28"]
[Round "5.10"]
[White "Angulo Martinez, Jon"]
[Black "Perez Fernandez, Modesto"]
[Result "1-0"]
[WhiteElo "2165"]
[BlackElo "2109"]
[PlyCount "37"]
[EventDate "2008.03.24"]
[EventType "swiss"]
[EventRounds "7"]
[EventCountry "ESP"]
[Source "lmi"]
[SourceDate "2008.03.24"]

1. e4 c5 2. Nf3 e6 3. d4 cxd4 4. Nxd4 Nf6 5. Nc3 Qb6 6. Be3 Ng4 7. Qxg4 Qxb2 8.
Kd2 Qxa1 9. Nxe6 fxe6 10. Bb5 Qxc3+ 11. Kxc3 Nc6 12. Bxc6 bxc6 13. Bd4 Bb7 14.
Qh5+ Kd8 15. Qf7 Kc7 16. Be5+ Bd6 17. Bxd6+ Kxd6 18. Rd1+ Ke5 19. Qxg7+ 1-0

[Event "Euskadi ch 2008"]
[Site "Zornotza ESP"]
[Date "2008.03.28"]
[Round "5.12"]
[White "Urbieta Gabancho, Koldo"]
[Black "Sanz Perez, Eduardo"]
[Result "0-1"]
[WhiteElo "2018"]
[BlackElo "2161"]
[PlyCount "38"]
[EventDate "2008.03.24"]
[EventType "swiss"]
[EventRounds "7"]
[EventCountry "ESP"]
[Source "lmi"]
[SourceDate "2008.03.24"]

1. e4 e6 2. d4 d5 3. exd5 exd5 4. Bd3 Nc6 5. c3 Bd6 6. Qf3 Nge7 7. Ne2 O-O 8.
Bf4 Ng6 9. Bxg6 hxg6 10. Qxd5 Nb4 11. Qf3 Nc2+ 12. Kd1 Nxa1 13. Bxd6 Qxd6 14.
Na3 Qe6 15. c4 Re8 16. Kd2 Qe7 17. Rxa1 Qg5+ 18. Nf4 Bg4 19. Qg3 Re5 0-1

[Event "Euskadi ch 2008"]
[Site "Zornotza ESP"]
[Date "2008.03.28"]
[Round "5.13"]
[White "Ibarretxe Campo, Lander"]
[Black "Perez De Miguel, Alvaro"]
[Result "0-1"]
[WhiteElo "2113"]
[BlackElo "2123"]
[PlyCount "54"]
[EventDate "2008.03.24"]
[EventType "swiss"]
[EventRounds "7"]
[EventCountry "ESP"]
[Source "lmi"]
[SourceDate "2008.03.24"]

1. d4 d5 2. c4 c6 3. Nf3 Nf6 4. Qc2 e6 5. e3 Nbd7 6. Nc3 a6 7. Bd3 dxc4 8. Bxc4
b5 9. Be2 c5 10. dxc5 Nxc5 11. b4 Ncd7 12. a3 Bb7 13. O-O Rc8 14. Bb2 Be7 15.
Rac1 O-O 16. Rfd1 Qb6 17. Qb1 Rfd8 18. h3 Qa7 19. Rd2 Nb6 20. Rxd8+ Rxd8 21.
Rd1 Rc8 22. Ne5 Qb8 23. Na2 Bd6 24. Ng4 Nxg4 25. hxg4 Nc4 26. Qa1 Bh2+ 27. Kh1
Nxe3 0-1

[Event "Euskadi ch 2008"]
[Site "Zornotza ESP"]
[Date "2008.03.29"]
[Round "6.1"]
[White "Gomez Esteban, Juan Mario"]
[Black "Gonzalez De La Torre, Santiago"]
[Result "1-0"]
[WhiteElo "2496"]
[BlackElo "2389"]
[PlyCount "67"]
[EventDate "2008.03.24"]
[EventType "swiss"]
[EventRounds "7"]
[EventCountry "ESP"]
[Source "lmi"]
[SourceDate "2008.03.24"]

1. d4 d5 2. c4 c6 3. Nc3 Nf6 4. Nf3 e6 5. e3 Nbd7 6. Qc2 Bd6 7. b3 O-O 8. Be2
a6 9. Bb2 e5 10. cxd5 cxd5 11. dxe5 Nxe5 12. O-O Be6 13. Nxe5 Bxe5 14. Na4 Rc8
15. Qd3 Bb8 16. Bd4 b5 17. Nc3 b4 18. Na4 Rc6 19. f4 Ne4 20. Bf3 Bf5 21. Rfc1
Qh4 22. Rxc6 Qf2+ 23. Kh1 Ng3+ 24. hxg3 Bxd3 25. Rac1 Bf5 26. Nb6 Qxg3 27. Nxd5
Bd7 28. Rxa6 Re8 29. Kg1 h5 30. Rh6 f6 31. Bxh5 Re6 32. Rg6 Qh4 33. Nxf6+ Kh8
34. Nxd7 1-0

[Event "Euskadi ch 2008"]
[Site "Zornotza ESP"]
[Date "2008.03.29"]
[Round "6.2"]
[White "Franco Alonso, Alejandro"]
[Black "Huerga Leache, Mikel"]
[Result "1/2-1/2"]
[WhiteElo "2445"]
[BlackElo "2440"]
[PlyCount "95"]
[EventDate "2008.03.24"]
[EventType "swiss"]
[EventRounds "7"]
[EventCountry "ESP"]
[Source "lmi"]
[SourceDate "2008.03.24"]

1. d4 d5 2. c4 c6 3. e3 Nf6 4. Nc3 a6 5. Qc2 e6 6. Nf3 c5 7. cxd5 exd5 8. Be2
Nc6 9. O-O Be6 10. dxc5 Bxc5 11. Nb5 Bb6 12. Nbd4 Nxd4 13. Nxd4 O-O 14. Qd3 Qd6
15. Bd2 Bg4 16. Bc3 Bxe2 17. Nxe2 Rad8 18. Bxf6 Qxf6 19. Rfd1 Rfe8 20. Rd2 Re5
21. Rad1 h5 22. Nd4 h4 23. Qe2 Qg6 24. Qf3 Rde8 25. Qh3 Re4 26. Qf5 Bxd4 27.
Qxg6 fxg6 28. Rxd4 Rxd4 29. Rxd4 Rc8 30. h3 Rc1+ 31. Kh2 Rc2 32. Rb4 b5 33. Kg1
Rc1+ 34. Kh2 Rc2 35. Kg1 Rc1+ 36. Kh2 g5 37. g3 Rc4 38. Rb3 Kf7 39. Ra3 Rc2 40.
Kg2 Rc6 41. Ra5 Ke6 42. b4 Ke5 43. a4 bxa4 44. Rxa4 Rb6 45. Kf3 Rf6+ 46. Kg2
Rb6 47. Kf3 Rf6+ 48. Kg2 1/2-1/2

[Event "Euskadi ch 2008"]
[Site "Zornotza ESP"]
[Date "2008.03.29"]
[Round "6.3"]
[White "Astasio Lopez, David"]
[Black "Ruiz Gomez, Alejandro"]
[Result "0-1"]
[WhiteElo "2215"]
[BlackElo "2365"]
[PlyCount "84"]
[EventDate "2008.03.24"]
[EventType "swiss"]
[EventRounds "7"]
[EventCountry "ESP"]
[Source "lmi"]
[SourceDate "2008.03.24"]

1. d4 Nf6 2. Nd2 d6 3. Ngf3 Nbd7 4. e4 e5 5. c3 Be7 6. g3 O-O 7. Bg2 Re8 8. O-O
c6 9. Re1 Bf8 10. Qc2 b6 11. b3 Bb7 12. Bb2 b5 13. Rad1 Qc7 14. c4 bxc4 15.
Nxc4 exd4 16. Nxd4 d5 17. exd5 cxd5 18. Ne3 Qb6 19. Rc1 Rac8 20. Qb1 g6 21.
Red1 Rcd8 22. Ndc2 Ne4 23. Bd4 Qa6 24. Bf1 Qe6 25. b4 Ne5 26. Bg2 Bh6 27. Qb3
Nc6 28. b5 Nxd4 29. Nxd4 Qb6 30. f4 Bg7 31. Nec2 Rc8 32. Qe3 Nc3 33. Qf2 Nxd1
34. Rxd1 Rc4 35. Bf3 Qc5 36. Kg2 a6 37. Be2 Rxc2 38. Nxc2 Qxc2 39. Bf3 Qxf2+
40. Kxf2 axb5 41. Bxd5 Bxd5 42. Rxd5 b4 0-1

[Event "Euskadi ch 2008"]
[Site "Zornotza ESP"]
[Date "2008.03.29"]
[Round "6.4"]
[White "Nava Pereda, Carlos"]
[Black "Diez Fraile, David"]
[Result "1-0"]
[WhiteElo "2293"]
[BlackElo "2150"]
[PlyCount "43"]
[EventDate "2008.03.24"]
[EventType "swiss"]
[EventRounds "7"]
[EventCountry "ESP"]
[Source "lmi"]
[SourceDate "2008.03.24"]

1. d4 Nf6 2. c4 e6 3. Nc3 Bb4 4. Qc2 Nc6 5. Nf3 d6 6. a3 Bxc3+ 7. Qxc3 Qe7 8.
e3 e5 9. dxe5 dxe5 10. b4 e4 11. b5 exf3 12. bxc6 fxg2 13. Bxg2 b6 14. a4 Bf5
15. Ba3 Qe6 16. Rd1 Be4 17. Bxe4 Qxe4 18. Rg1 Qxc6 19. Qe5+ Qe6 20. Qxe6+ fxe6
21. Rxg7 c5 22. Bb2 1-0

[Event "Euskadi ch 2008"]
[Site "Zornotza ESP"]
[Date "2008.03.29"]
[Round "6.5"]
[White "Varas Gonzalez, Carlos"]
[Black "Burguete Archel, Eduardo"]
[Result "1/2-1/2"]
[WhiteElo "2250"]
[BlackElo "2173"]
[PlyCount "99"]
[EventDate "2008.03.24"]
[EventType "swiss"]
[EventRounds "7"]
[EventCountry "ESP"]
[Source "lmi"]
[SourceDate "2008.03.24"]

1. e4 e5 2. Nf3 Nf6 3. Nc3 Nc6 4. d4 exd4 5. Nd5 Be7 6. Bf4 d6 7. Nxd4 O-O 8.
Nb5 Nxd5 9. exd5 Ne5 10. Be2 Bf6 11. c3 c6 12. dxc6 bxc6 13. Nxd6 Qb6 14. Bxe5
Bxe5 15. Nc4 Qc7 16. Nxe5 Qxe5 17. O-O Rb8 18. b3 Qxc3 19. Qd6 Be6 20. Bf3 Rfc8
21. Qa3 a5 22. Rac1 Qb4 23. Qxb4 axb4 24. Bxc6 Rc7 25. Be4 Rxc1 26. Rxc1 Rd8
27. h3 f5 28. Bf3 Rd2 29. Rc6 Kf7 30. Rb6 Rxa2 31. Rxb4 Rb2 32. Rb7+ Kf6 33. b4
g5 34. g4 Ke5 35. Kg2 Kf4 36. Re7 Bc8 37. Re8 Bd7 38. Rd8 Be6 39. gxf5 Bxf5 40.
Rd4+ Ke5 41. Rd5+ Kf4 42. Rd4+ Ke5 43. Rc4 Rb3 44. h4 Bd3 45. Rg4 Bf5 46. Rc4
Bd3 47. Rg4 Bf5 48. Rxg5 Kf4 49. Bd5 Rxb4 50. Rg3 1/2-1/2

[Event "Euskadi ch 2008"]
[Site "Zornotza ESP"]
[Date "2008.03.29"]
[Round "6.6"]
[White "Trigo Urquijo, Sergio"]
[Black "Agirretxe San Sebastian, Jesus"]
[Result "1/2-1/2"]
[WhiteElo "2169"]
[BlackElo "2182"]
[PlyCount "36"]
[EventDate "2008.03.24"]
[EventType "swiss"]
[EventRounds "7"]
[EventCountry "ESP"]
[Source "lmi"]
[SourceDate "2008.03.24"]

1. e4 e5 2. Nf3 Nf6 3. Nxe5 d6 4. Nf3 Nxe4 5. Nc3 Nxc3 6. dxc3 Be7 7. Bf4 Bg4
8. h3 Bh5 9. Bd3 Nd7 10. g4 Bg6 11. Qe2 Nc5 12. Bxg6 hxg6 13. O-O-O Ne6 14. Be3
Qd7 15. Nd4 O-O-O 16. f4 Rde8 17. Qf3 Nxd4 18. Bxd4 Bf6 1/2-1/2

[Event "Euskadi ch 2008"]
[Site "Zornotza ESP"]
[Date "2008.03.29"]
[Round "6.7"]
[White "Argandoña Rivero, Iñigo"]
[Black "Martin Alvarez, Iñigo"]
[Result "1-0"]
[WhiteElo "2404"]
[BlackElo "2189"]
[PlyCount "71"]
[EventDate "2008.03.24"]
[EventType "swiss"]
[EventRounds "7"]
[EventCountry "ESP"]
[Source "lmi"]
[SourceDate "2008.03.24"]

1. d4 d5 2. c4 c6 3. Nf3 Nf6 4. Nc3 a6 5. e3 b5 6. c5 Bg4 7. h3 Bh5 8. g4 Bg6
9. Ne5 Nfd7 10. Nxg6 hxg6 11. f4 e6 12. Qf3 a5 13. a4 b4 14. Nb1 Qh4+ 15. Qf2
Qxf2+ 16. Kxf2 Be7 17. Bg2 f5 18. g5 Na6 19. Nd2 Kf7 20. h4 Bd8 21. Nb3 Bc7 22.
Bd2 Rae8 23. Rh3 Rh7 24. Rah1 Reh8 25. Bf3 Ndb8 26. Be2 Bd8 27. Kg2 Bc7 28. Be1
Bd8 29. Bf2 Bc7 30. Nd2 Bd8 31. Nf3 Bc7 32. b3 Ke7 33. h5 gxh5 34. g6 Rh6 35.
Bh4+ Kd7 36. Bg5 1-0

[Event "Euskadi ch 2008"]
[Site "Zornotza ESP"]
[Date "2008.03.29"]
[Round "6.8"]
[White "Alcaide Luque, Aitor"]
[Black "Angulo Martinez, Jon"]
[Result "0-1"]
[WhiteElo "2169"]
[BlackElo "2165"]
[PlyCount "134"]
[EventDate "2008.03.24"]
[EventType "swiss"]
[EventRounds "7"]
[EventCountry "ESP"]
[Source "lmi"]
[SourceDate "2008.03.24"]

1. d4 Nf6 2. Bg5 Ne4 3. Bf4 c5 4. f3 Qa5+ 5. c3 Nf6 6. d5 d6 7. Nd2 Nh5 8. Bg3
Nxg3 9. hxg3 Nd7 10. e3 g6 11. Kf2 Bg7 12. Nh3 Nf6 13. g4 Qc7 14. Nf4 Nd7 15.
Qc2 Ne5 16. Bb5+ Kf8 17. Be2 Bd7 18. c4 a6 19. a4 Rb8 20. Ne4 Kg8 21. Nd3 Qb6
22. Nxe5 Bxe5 23. Ra2 Qa5 24. f4 Bg7 25. Nc3 Qc7 26. Qe4 Re8 27. Qd3 Qc8 28. g5
Bf5 29. Qd1 e5 30. g4 exf4 31. gxf5 fxe3+ 32. Ke1 Qxf5 33. Qd3 Qxg5 34. Ra1 f5
35. Kd1 Bd4 36. Kc2 Kg7 37. Raf1 Qf6 38. Rhg1 Rhf8 39. Rg2 Qe5 40. Bf3 Rf6 41.
Kb1 Bxc3 42. bxc3 Re7 43. Kc2 h6 44. Re1 Qf4 45. Rf1 b5 46. Be2 Qh4 47. axb5
axb5 48. Ra1 Qh3 49. Rag1 Ra7 50. cxb5 Ra2+ 51. Kb3 Rd2 52. Rg3 Qh2 53. R1g2
Qh1 54. Rg1 Qh2 55. R1g2 Qxg2 56. Rxg2 Rxd3 57. Bxd3 f4 58. Kc2 g5 59. Kd1 Rf7
60. b6 Kf6 61. Rb2 Rb7 62. Be2 Kf5 63. Bb5 f3 64. Bc6 Rb8 65. b7 g4 66. Ke1 g3
67. Kf1 Kf4 0-1